| 000 | 00665nam a2200229Ia 4500 | ||
|---|---|---|---|
| 001 | 9422 | ||
| 003 | GE_BSU | ||
| 008 | 181216s||||||||xx |||||||||||||| ||und|| | ||
| 040 | _cGE_BSU | ||
| 080 | _a821.353.1-32 | ||
| 100 | _aმიშველაძე,რევაზ | ||
| 245 | _aჯაჭვი. | ||
| 245 | _bნოველები | ||
| 245 | _cრედ.ც.ქაროსანიძე,მხატვ.ჯ.ზენაიშვილი | ||
| 260 | _aთბილისი | ||
| 260 | _bმერანი | ||
| 260 | _c1985 | ||
| 300 | _a439გვ.20სმ. | ||
| 653 | _aნოველები | ||
| 653 | _aჯაჭვი. | ||
| 942 | _cBK | ||
| 999 |
_c42716 _d42716 |
||